Basic Clinical Knowledge and Skills: Anatomy and Physiology Medical History/ (Record no. 202854)

MARC details
000 -LEADER
fixed length control field 00618 a2200169 4500
005 - DATE AND TIME OF LATEST TRANSACTION
control field 20240516103939.0
010 ## - LCCN (DPL NO)
LC control number B-759026
035 ## - SYSTEM CONTROL NUMBER
System control number B-759026
037 ## - SOURCE OF ACQUISITION
Source of stock number/acquisition Gift/Unesco
082 ## - DEWEY DECIMAL CLASSIFICATION NUMBER
Classification number 611.7
245 ## - TITLE STATEMENT
Title Basic Clinical Knowledge and Skills: Anatomy and Physiology Medical History/
Statement of responsibility, etc Student Text
260 ## - PUBLICATION, DISTRIBUTION, ETC. (IMPRINT)
Place of publication, distribution, etc U.S.A
Name of publisher, distributor, etc Health Manpower Development Staff, John A. Burns School Of Medicine and University of Hawaii, Honolulu, Hawaii, U.S.A
Date of publication, distribution, etc 1982
270 ## - ADDRESS
Address U.S.A
City U.S.A
300 ## - PHYSICAL DESCRIPTION
Extent 73 p.
Dimensions 23cm (Pb)
942 ## - ADDED ENTRY ELEMENTS (KOHA)
Institution code [OBSOLETE] dpl
Item type English Books
Source of classification or shelving scheme Dewey Decimal Classification
Classification part 611.7
Call number suffix BAS
Holdings
Withdrawn status Lost status Not for loan Collection code Home library Current library Date acquired Source of acquisition Full call number Barcode Copy number Koha item type Public note
      Non-fiction Patel Nagar Patel Nagar 15/05/2024 Gift/10.5.24 611.7 BAS B-759026 1 English Books Gift

© Delhi Public Library
Hit Counter
free hit counter